[Event "XVII Open A"]
[Site "Crema ITA"]
[Date "2016.09.03"]
[Round "1"]
[White "Bossi, Alessandro"]
[Black "Mrdja, Milan"]
[WhiteElo "2014"]
[BlackElo "2303"]
[Result "0-1"]
[PlyCount "46"]
[EventDate "2016.09.02"]

1. c4 g6 2. b3 Bg7 3. Nc3 e6 4. e4 c5 5. Bb2 Nc6 6. g3 Nge7 7. Bg2 d5 8. d3 Qa5
9. Qd2 dxc4 10. dxc4 O-O 11. Nf3 Rd8 12. Nd5 Qxd2+ 13. Nxd2 Bxb2 14. Nxe7+ Nxe7
15. Rd1 Bc3 16. Ke2 Nc6 17. Nf3 Bd7 18. Rd3 Bd4 19. Rhd1 e5 20. h3 Kg7 21. Ne1
b5 22. Nc2 bxc4 23. bxc4 Rab8 0-1

[Event "XVII Open A"]
[Site "Crema ITA"]
[Date "2016.09.03"]
[Round "1"]
[White "Botta, Massimiliano"]
[Black "Tahiraj, Almir"]
[WhiteElo "2065"]
[BlackElo "1906"]
[Result "1-0"]
[PlyCount "83"]
[EventDate "2016.09.02"]

1. e4 d5 2. exd5 Qxd5 3. Nf3 Nf6 4. d4 Bf5 5. Be2 c6 6. O-O Nbd7 7. c4 Qd6 8.
Qa4 e6 9. Nc3 Be7 10. Bg5 Qb4 11. Qxb4 Bxb4 12. Bf4 Nh5 13. Be3 Bd6 14. Ne5
Nhf6 15. g4 Bg6 16. g5 Ne4 17. Nxg6 Nxc3 18. bxc3 hxg6 19. f4 Rh3 20. Rf3 Rh4
21. Bf1 Ke7 22. Bg2 Bc7 23. c5 Ba5 24. Bf2 Rhh8 25. Rd3 Rhd8 26. Be4 Rac8 27.
c4 b6 28. Ra3 Rc7 29. Bg3 Bb4 30. Rb3 bxc5 31. f5 e5 32. fxg6 fxg6 33. dxe5 Nb6
34. Bxg6 Nxc4 35. Rf1 Rf8 36. Rxf8 Kxf8 37. Rf3+ Kg8 38. e6 Re7 39. Bf7+ Kf8
40. g6 Rb7 41. e7+ Kxe7 42. Bxc4 1-0

[Event "XVII Open A"]
[Site "Crema ITA"]
[Date "2016.09.03"]
[Round "1"]
[White "Candura, Stefano"]
[Black "Rifai, Abdulkader"]
[WhiteElo "1960"]
[BlackElo "2205"]
[Result "0-1"]
[PlyCount "88"]
[EventDate "2016.09.02"]

1. d4 d5 2. Nf3 Nf6 3. e3 Bf5 4. c4 e6 5. Qb3 Qc8 6. Nc3 c6 7. Bd2 Be7 8. Rc1
O-O 9. Be2 Nbd7 10. O-O h6 11. Ne5 Nxe5 12. dxe5 dxc4 13. Bxc4 Nd7 14. e4 Bh7
15. Bf4 Bg5 16. g3 Bxf4 17. gxf4 Nc5 18. Qc2 Qd8 19. b4 Qd4 20. Qe2 Nxe4 21.
Nb1 Rfd8 22. Rfd1 Qb6 23. a3 Rxd1+ 24. Rxd1 Rd8 25. Rxd8+ Qxd8 26. Ba2 Qd4 27.
Kg2 Bf5 28. f3 Nc3 29. Qb2 Bxb1 30. Bxb1 Qe3 31. Bc2 Ne2 32. f5 Nd4 33. Bd1
exf5 34. Qf2 Qxe5 35. Qh4 Ne6 36. Qc4 Nf4+ 37. Kf1 Nd5 38. Kg1 Qe3+ 39. Kg2
Qxa3 40. Qd4 Qe3 41. Qa1 Qd2+ 42. Kg3 f4+ 43. Kh3 Ne3 44. Bb3 Qg2+ 0-1

[Event "XVII Open A"]
[Site "Crema ITA"]
[Date "2016.09.03"]
[Round "1"]
[White "Castrogiovanni, Carlo"]
[Black "Guanciale, Orazio"]
[WhiteElo "1947"]
[BlackElo "2153"]
[Result "1/2-1/2"]
[PlyCount "121"]
[EventDate "2016.09.02"]

1. d4 d6 2. c4 f5 3. Nc3 Nf6 4. Nf3 g6 5. e3 Bg7 6. Bd3 O-O 7. O-O Nc6 8. d5
Ne5 9. Be2 c5 10. dxc6 Nxc6 11. Rb1 Kh8 12. b3 Be6 13. Bb2 Rc8 14. Nd5 Bg8 15.
Nxf6 Bxf6 16. Bxf6+ Rxf6 17. Qd2 Qf8 18. Nd4 e5 19. Nb5 Rd8 20. Nc3 Ne7 21. Bf3
e4 22. Be2 a6 23. Rbd1 Qg7 24. f3 exf3 25. Bxf3 d5 26. cxd5 Rfd6 27. e4 fxe4
28. Bxe4 b5 29. Qd4 Qxd4+ 30. Rxd4 Nc6 31. Rd2 b4 32. Na4 Re8 33. Bf3 Ne5 34.
Nc5 Nxf3+ 35. Rxf3 Rc8 36. Na4 Rxd5 37. Rxd5 Bxd5 38. Rf2 Be4 39. h3 Rc1+ 40.
Kh2 Kg7 41. Kg3 a5 42. Nb6 h6 43. Nc4 a4 44. Nd2 Bc6 45. bxa4 Rc3+ 46. Kf4 Ra3
47. Nc4 g5+ 48. Ke5 Rg3 49. Nd6 Rxg2 50. Rf7+ Kg6 51. Rf6+ Kh7 52. Nf5 Re2+ 53.
Kd4 Bxa4 54. Kc5 Rxa2 55. Rxh6+ Kg8 56. Kxb4 Bd7 57. Rg6+ Kf7 58. Rg7+ Kf6 59.
Rxd7 Kxf5 60. Rf7+ Kg6 61. Rf3 1/2-1/2

[Event "XVII Open A"]
[Site "Crema ITA"]
[Date "2016.09.03"]
[Round "1"]
[White "Corti, Massimo"]
[Black "Capitelli, Paolo"]
[WhiteElo "1931"]
[BlackElo "2080"]
[Result "0-1"]
[PlyCount "86"]
[EventDate "2016.09.02"]

1. Nf3 Nf6 2. c4 g6 3. g3 Bg7 4. Bg2 d6 5. d4 O-O 6. b3 Nc6 7. Bb2 Bg4 8. d5
Bxf3 9. exf3 Ne5 10. f4 Ned7 11. O-O a5 12. Nd2 Nc5 13. Nf3 a4 14. b4 a3 15.
Bd4 Ncd7 16. Bc3 Nb6 17. Qd3 Qd7 18. Ng5 Na4 19. Bd4 h6 20. Bh3 Qe8 21. Ne4 Nb2
22. Nxf6+ Bxf6 23. Qc3 Bxd4 24. Qxd4 Ra4 25. f5 Rxb4 26. fxg6 Rxc4 27. gxf7+
Qxf7 28. Qe3 Qf6 29. Qxa3 Rc2 30. Qe3 Nc4 31. Qe4 Rc3 32. Rad1 b5 33. Rd4 Ne5
34. f4 Nf3+ 35. Rxf3 Rxf3 36. Bd7 Ra3 37. Bxb5 Rxa2 38. Bd3 Qg7 39. Qe3 Rb8 40.
Re4 Qa1+ 41. Bf1 Rb1 42. Qf3 Kf8 43. Rc4 Qb2 0-1

[Event "XVII Open A"]
[Site "Crema ITA"]
[Date "2016.09.03"]
[Round "1"]
[White "Distratis, Gianluca"]
[Black "Bevilacqua, Maurizio"]
[WhiteElo "1903"]
[BlackElo "2052"]
[Result "1-0"]
[PlyCount "63"]
[EventDate "2016.09.02"]

1. e4 c5 2. c3 Nf6 3. e5 Nd5 4. d4 e6 5. Nf3 cxd4 6. cxd4 b6 7. a3 Bb7 8. Bd3
Be7 9. O-O d6 10. Re1 Nd7 11. exd6 Bxd6 12. g3 O-O 13. Bd2 N7f6 14. Nc3 Nxc3
15. Bxc3 Nd5 16. Bd2 h6 17. Qe2 Nf6 18. Ne5 Be7 19. Bc4 Bd5 20. Bd3 Rc8 21.
Rac1 Rxc1 22. Rxc1 Qa8 23. Bf4 Ne4 24. h4 Rc8 25. Rxc8+ Qxc8 26. Bxe4 g5 27.
hxg5 hxg5 28. Bxd5 gxf4 29. Qg4+ Kf8 30. Qxf4 f6 31. Qh6+ Ke8 32. Bc6+ 1-0

[Event "XVII Open A"]
[Site "Crema ITA"]
[Date "2016.09.03"]
[Round "1"]
[White "Ficco, Corrado"]
[Black "Asperti, Giovanni"]
[WhiteElo "2041"]
[BlackElo "1896"]
[Result "1/2-1/2"]
[PlyCount "57"]
[EventDate "2016.09.02"]

1. e4 c5 2. Nf3 d6 3. d4 cxd4 4. Nxd4 Nf6 5. Nc3 a6 6. Be3 e5 7. Nb3 Be7 8. f3
Be6 9. Qd2 h5 10. O-O-O Nbd7 11. Kb1 Rc8 12. h3 b5 13. Nd5 Bxd5 14. exd5 Nb6
15. Bxb6 Qxb6 16. Bd3 h4 17. Bf5 Rc7 18. Rhe1 Nh5 19. Bd3 Nf4 20. Bf1 O-O 21.
Qa5 Qxa5 22. Nxa5 Rc5 23. Nc6 Bf6 24. Nb4 Ra8 25. Nd3 Nxd3 26. Bxd3 Bg5 27. Bf5
Ra7 28. c3 Rb7 29. Re2 1/2-1/2

[Event "XVII Open A"]
[Site "Crema ITA"]
[Date "2016.09.03"]
[Round "1"]
[White "Giretti, Kanev Jasen"]
[Black "Rossini, Fulvio"]
[WhiteElo "2237"]
[BlackElo "1989"]
[Result "1-0"]
[PlyCount "53"]
[EventDate "2016.09.02"]

1. c4 Nf6 2. Nc3 g6 3. e4 d6 4. h4 Bg7 5. Be2 h5 6. d4 e5 7. dxe5 dxe5 8. Qxd8+
Kxd8 9. Bg5 c6 10. f4 Nbd7 11. Nf3 Re8 12. O-O-O Kc7 13. fxe5 Ng4 14. e6 Rxe6
15. Nd4 Rd6 16. Ndb5+ cxb5 17. Nxb5+ Kb8 18. Rxd6 a6 19. Bxg4 hxg4 20. Nc3 Be5
21. Rd5 f6 22. Be3 Kc7 23. h5 Nf8 24. h6 Nh7 25. Rc5+ Kd6 26. Rd1+ Ke6 27. Rd8
1-0

[Event "XVII Open A"]
[Site "Crema ITA"]
[Date "2016.09.03"]
[Round "1"]
[White "Malfagia, Andrea"]
[Black "Ranfagni, Stefano"]
[WhiteElo "2159"]
[BlackElo "1956"]
[Result "1-0"]
[PlyCount "139"]
[EventDate "2016.09.02"]

1. d4 e6 2. c4 f5 3. g3 Nf6 4. Bg2 c6 5. Nf3 d5 6. O-O Bd6 7. b3 Qe7 8. Bb2 O-O
9. Nbd2 a5 10. Ne5 Nbd7 11. Ndf3 Ne4 12. Nd3 b6 13. Nfe5 Nxe5 14. dxe5 Bc7 15.
Qc2 Bb7 16. Rad1 Rfd8 17. Nf4 Rac8 18. cxd5 cxd5 19. Qd3 d4 20. Qc4 Bxe5 21.
Qxe6+ Qxe6 22. Nxe6 Rd6 23. Nxd4 Rcd8 24. e3 Ba6 25. Rfe1 Nc5 26. Bf1 Bxf1 27.
Kxf1 Bf6 28. Ke2 g5 29. Rg1 Kf7 30. Rb1 Ne6 31. Nxe6 Rd2+ 32. Kf3 g4+ 33. Kg2
Kxe6 34. Bxf6 Kxf6 35. Rgc1 R8d6 36. a4 Ke5 37. Rc4 Ra2 38. Rf4 Rdd2 39. b4
Rdb2 40. Rxb2 Rxb2 41. bxa5 bxa5 42. Rc4 Kd5 43. Rf4 Ke5 44. Rc4 Kd5 45. Rc7
Ra2 46. Rxh7 Rxa4 47. h4 gxh3+ 48. Kxh3 Ra1 49. Ra7 Ke4 50. Kg2 a4 51. Ra5 a3
52. f3+ Kxe3 53. Re5+ Kd4 54. Rxf5 Ke3 55. Re5+ Kd4 56. f4 Rc1 57. Ra5 Rc2+ 58.
Kh3 a2 59. Kg4 Ke4 60. Re5+ Kd4 61. Ra5 Ke4 62. Ra4+ Kd5 63. Kg5 Ke6 64. g4 Kf7
65. Ra7+ Kf8 66. f5 Rb2 67. f6 Rg2 68. Kf5 Kg8 69. g5 Rf2+ 70. Kg6 1-0

[Event "XVII Open A"]
[Site "Crema ITA"]
[Date "2016.09.03"]
[Round "1"]
[White "Murgia, Andrea"]
[Black "Ventura, Franco"]
[WhiteElo "1908"]
[BlackElo "2075"]
[Result "1-0"]
[PlyCount "59"]
[EventDate "2016.09.02"]

1. e4 c5 2. c3 d6 3. d4 Qc7 4. Nf3 e6 5. a4 Nf6 6. Bd3 Be7 7. Na3 a6 8. e5 dxe5
9. dxe5 Nfd7 10. Nc4 Nc6 11. Bf4 h6 12. O-O g5 13. Bg3 h5 14. h4 gxh4 15. Nd6+
Kf8 16. Nxh4 Ncxe5 17. Nxf7 Kxf7 18. Ng6 Rh6 19. Qd2 Rxg6 20. Bxg6+ Kxg6 21. f4
h4 22. Bh2 c4 23. Kh1 Qc6 24. fxe5 h3 25. Rf3 Bg5 26. Rg3 hxg2+ 27. Rxg2 Qf3
28. Qxg5+ Kf7 29. Kg1 Kf8 30. Rf1 1-0

[Event "XVII Open A"]
[Site "Crema ITA"]
[Date "2016.09.03"]
[Round "1"]
[White "Olivetti, Davide"]
[Black "Pedoni, Lorenzo"]
[WhiteElo "2140"]
[BlackElo "1947"]
[Result "1/2-1/2"]
[PlyCount "28"]
[EventDate "2016.09.02"]

1. e4 c5 2. Nc3 Nc6 3. Bb5 g6 4. Bxc6 bxc6 5. d3 Bg7 6. Be3 d6 7. Qd2 Rb8 8.
Nd1 Qc7 9. Ne2 Bd7 10. O-O Nf6 11. h3 c4 12. Rc1 O-O 13. b3 cxd3 14. cxd3 Qb7
1/2-1/2

[Event "XVII Open A"]
[Site "Crema ITA"]
[Date "2016.09.03"]
[Round "1"]
[White "Piccirillo, Edoardo"]
[Black "Nordio, Giorgio"]
[WhiteElo "2078"]
[BlackElo "1923"]
[Result "1-0"]
[PlyCount "49"]
[EventDate "2016.09.02"]

1. e4 c6 2. Nc3 d5 3. Nf3 Bg4 4. h3 Bxf3 5. Qxf3 e6 6. d3 Nd7 7. Bd2 Bd6 8. g3
Ne7 9. Bg2 Qb6 10. Rb1 O-O-O 11. b4 d4 12. Nd1 Rhf8 13. Qe2 Qa6 14. O-O Qxa2
15. Rb2 Qa6 16. c4 dxc3 17. Nxc3 Be5 18. b5 cxb5 19. Ra2 Qb6 20. Be3 Bd4 21.
Bxd4 Qxd4 22. Nxb5 Qe5 23. d4 Qg5 24. h4 Qh6 25. Qc2+ 1-0

[Event "XVII Open A"]
[Site "Crema ITA"]
[Date "2016.09.03"]
[Round "1"]
[White "Ventura, Salvatore"]
[Black "Pirrello, Christian"]
[WhiteElo "2095"]
[BlackElo "1936"]
[Result "1/2-1/2"]
[PlyCount "96"]
[EventDate "2016.09.02"]

1. c4 e6 2. g3 d5 3. Bg2 Nf6 4. Nf3 dxc4 5. Na3 c5 6. Nxc4 Bd7 7. Nfe5 Qc7 8.
Nxd7 Nbxd7 9. O-O Nb6 10. Nxb6 axb6 11. d4 Rd8 12. Bf4 Bd6 13. Qa4+ Qd7 14.
Qxd7+ Rxd7 15. Bxd6 Rxd6 16. dxc5 bxc5 17. Bxb7 Rb6 18. Bf3 Rxb2 19. Rfc1 Nd7
20. a4 Rb6 21. a5 Ra6 22. Bb7 Ra7 23. a6 Ke7 24. e3 Rb8 25. Rab1 Rd8 26. Kf1
Nb8 27. Rxc5 Nxa6 28. Ra5 Rb8 29. Be4 Rxb1+ 30. Bxb1 Rb7 31. Bxh7 Nc7 32. Be4
Rb4 33. Bf3 Kf6 34. Rc5 Ne8 35. h4 Nd6 36. g4 g6 37. Kg2 Rc4 38. Rxc4 Nxc4 39.
Be2 Nd6 40. Bd3 e5 41. Kf3 Kg7 42. Be4 f5 43. gxf5 gxf5 44. Bd5 Kg6 45. Kg3 Nb5
46. f3 f4+ 47. exf4 exf4+ 48. Kxf4 Nd4 1/2-1/2

[Event "XVII Open A"]
[Site "Crema ITA"]
[Date "2016.09.03"]
[Round "1"]
[White "Vuelban, Virgilio"]
[Black "Nicolodi, Raoul"]
[WhiteElo "2306"]
[BlackElo "2030"]
[Result "1-0"]
[PlyCount "66"]
[EventDate "2016.09.02"]

1. d4 e6 2. Nf3 Nf6 3. c4 Bb4+ 4. Nc3 b6 5. Bg5 h6 6. Bh4 c5 7. e3 Bb7 8. a3
cxd4 9. axb4 dxc3 10. bxc3 Nc6 11. Be2 a5 12. Rb1 axb4 13. cxb4 Qe7 14. Qb3 O-O
15. O-O Ra7 16. Rfc1 Rfa8 17. c5 g5 18. Bg3 Ne4 19. Qd1 Ra4 20. cxb6 Nxg3 21.
hxg3 Rxb4 22. Rxb4 Qxb4 23. Rb1 Qe7 24. Nd4 Nxd4 25. Qxd4 d5 26. Ra1 Rxa1+ 27.
Qxa1 Qc5 28. Qa7 Qc6 29. Bb5 Qc8 30. Kh2 Kf8 31. Qa3+ Kg7 32. Qb2+ f6 33. Qb4
Qf8 1-0

[Event "XVII Open A"]
[Site "Crema ITA"]
[Date "2016.09.03"]
[Round "2"]
[White "Asperti, Giovanni"]
[Black "Ventura, Salvatore"]
[WhiteElo "1896"]
[BlackElo "2095"]
[Result "0-1"]
[PlyCount "48"]
[EventDate "2016.09.02"]

1. b3 c5 2. e3 Nf6 3. Bb2 d5 4. Nf3 Bg4 5. Be2 e6 6. d4 cxd4 7. Nxd4 Bxe2 8.
Qxe2 Bb4+ 9. c3 Bd6 10. Nd2 O-O 11. O-O Nc6 12. c4 Rc8 13. cxd5 exd5 14. N2f3
Bb8 15. Rac1 Ne4 16. Rc2 Qd6 17. Nxc6 Rxc6 18. Be5 Qa3 19. Bxb8 Rxb8 20. Rfc1
Qxc1+ 21. Rxc1 Rxc1+ 22. Ne1 Rbc8 23. g3 Nc3 24. Qd2 Rd1 0-1

[Event "XVII Open A"]
[Site "Crema ITA"]
[Date "2016.09.03"]
[Round "2"]
[White "Bevilacqua, Maurizio"]
[Black "Candura, Stefano"]
[WhiteElo "2052"]
[BlackElo "1960"]
[Result "1-0"]
[PlyCount "77"]
[EventDate "2016.09.02"]

1. c4 e6 2. g3 d5 3. d4 Nf6 4. Nf3 c6 5. Qc2 Bd6 6. Bg2 Nbd7 7. Nbd2 O-O 8. O-O
e5 9. cxd5 Nxd5 10. Nc4 Qe7 11. Nxd6 Qxd6 12. Rd1 Qe7 13. e4 Nb4 14. Qb3 exd4
15. Bg5 Qc5 16. Rac1 Qb6 17. Nxd4 Re8 18. Be3 Na6 19. Qc2 Qa5 20. Nf5 Nf6 21.
Nd6 Rf8 22. a3 Nc7 23. f3 Nb5 24. Nc4 Qa6 25. Bf1 Nc7 26. Nb6 Qa5 27. Nxa8 Nxa8
28. Bc5 Re8 29. b4 Qc7 30. Bd6 Qb6+ 31. Qc5 Qxc5+ 32. bxc5 Bd7 33. Rd4 b5 34.
a4 a6 35. axb5 axb5 36. Ra1 Rc8 37. Be7 Be6 38. Rd8+ Rxd8 39. Bxd8 1-0

[Event "XVII Open A"]
[Site "Crema ITA"]
[Date "2016.09.03"]
[Round "2"]
[White "Borin, Fabio"]
[Black "Vuelban, Virgilio"]
[WhiteElo "2119"]
[BlackElo "2306"]
[Result "1/2-1/2"]
[PlyCount "107"]
[EventDate "2016.09.02"]

1. e4 c5 2. Nc3 Nc6 3. Bb5 Nd4 4. Bc4 e6 5. Nge2 Ne7 6. O-O Nec6 7. d3 Be7 8.
Ng3 a6 9. f4 b5 10. Bb3 b4 11. Na4 d5 12. f5 Nxb3 13. axb3 O-O 14. Nh5 exf5 15.
exf5 Kh8 16. Nxg7 Kxg7 17. Qh5 Kh8 18. Bh6 Rg8 19. Qxf7 Ne5 20. Qh5 Ng4 21. Bf4
Nf6 22. Qe2 Bd6 23. Rae1 Ra7 24. Be5 Rag7 25. g3 d4 26. Bxd6 Qxd6 27. Rf2 Bb7
28. Qe6 Rxg3+ 29. hxg3 Qxg3+ 30. Kf1 Qh3+ 31. Ke2 Re8 32. Kd1 Rxe6 33. fxe6 Qh4
34. Ref1 Ng8 35. Rf7 Bd5 36. Nxc5 Bxe6 37. Nxe6 Qg4+ 38. Kc1 Qxe6 39. Rb7 h5
40. Rxb4 Qe2 41. Rd1 h4 42. c3 Ne7 43. Rxd4 Nf5 44. Re4 Qg2 45. Re8+ Kh7 46. d4
h3 47. Ree1 Qg5+ 48. Kb1 Ng3 49. d5 h2 50. d6 Qf5+ 51. Ka2 Qa5+ 52. Kb1 Qf5+
53. Ka2 Qa5+ 54. Kb1 1/2-1/2

[Event "XVII Open A"]
[Site "Crema ITA"]
[Date "2016.09.03"]
[Round "2"]
[White "Capitelli, Paolo"]
[Black "Giretti, Kanev Jasen"]
[WhiteElo "2080"]
[BlackElo "2237"]
[Result "1/2-1/2"]
[PlyCount "112"]
[EventDate "2016.09.02"]

1. e4 e6 2. d4 d5 3. e5 c5 4. c3 Nc6 5. Nf3 Bd7 6. a3 c4 7. g3 Na5 8. Nbd2 Ne7
9. Bg2 Nf5 10. O-O h5 11. Bh3 g6 12. Rb1 Be7 13. Qe2 Ba4 14. Ne1 Rc8 15. f4 Qb6
16. Rf2 Nb3 17. Nxb3 cxb3 18. Bf1 a6 19. Qd1 Qc6 20. Bd2 Bd8 21. Ng2 Qb6 22.
Ne3 Ke7 23. Rc1 Qc7 24. Nxf5+ gxf5 25. Be3 h4 26. Rg2 hxg3 27. hxg3 Rh3 28. Kf2
Rh1 29. g4 Bb5 30. Qxb3 Bxf1 31. Rxf1 Rxf1+ 32. Kxf1 fxg4 33. Rxg4 Qc4+ 34.
Qxc4 Rxc4 35. Rg7 b5 36. Rg8 Rc7 37. Ke2 Kd7 38. Kd3 Kc6 39. Rh8 a5 40. Rh6 Rb7
41. f5 Rb8 42. Rh7 Rb7 43. f6 Rd7 44. Bh6 b4 45. axb4 axb4 46. Bf8 bxc3 47.
bxc3 Bb6 48. Be7 Ra7 49. Rxf7 Bd8 50. Rg7 Bxe7 51. Rxe7 Rxe7 52. fxe7 Kd7 53.
e8=Q+ Kxe8 54. c4 dxc4+ 55. Kxc4 Kd7 56. Kc5 Kc7 1/2-1/2

[Event "XVII Open A"]
[Site "Crema ITA"]
[Date "2016.09.03"]
[Round "2"]
[White "Guanciale, Orazio"]
[Black "Distratis, Gianluca"]
[WhiteElo "2153"]
[BlackElo "1903"]
[Result "1-0"]
[PlyCount "65"]
[EventDate "2016.09.02"]

1. e4 e6 2. d4 d5 3. e5 c5 4. c3 Nc6 5. Nf3 Qb6 6. a3 c4 7. Nbd2 f6 8. Be2 Qc7
9. O-O fxe5 10. dxe5 Nxe5 11. Nxe5 Qxe5 12. Re1 Qf6 13. Nf3 Bd6 14. Bg5 Qf7 15.
Bxc4 Ne7 16. Bb5+ Bd7 17. Bxd7+ Kxd7 18. c4 Rae8 19. Bxe7 Rxe7 20. cxd5 exd5
21. Qa4+ Kc8 22. Rxe7 Qxe7 23. Qxa7 Re8 24. Rc1+ Bc7 25. Qa8+ Kd7 26. Qxb7 Qd6
27. Qb5+ Kd8 28. Rd1 d4 29. Rxd4 Re1+ 30. Nxe1 Qxd4 31. Qd3 Bb6 32. Qxd4+ Bxd4
33. Nd3 1-0

[Event "XVII Open A"]
[Site "Crema ITA"]
[Date "2016.09.03"]
[Round "2"]
[White "Mrdja, Milan"]
[Black "Piccirillo, Edoardo"]
[WhiteElo "2303"]
[BlackElo "2078"]
[Result "1-0"]
[PlyCount "85"]
[EventDate "2016.09.02"]

1. e4 c5 2. Nf3 d6 3. d4 cxd4 4. Nxd4 Nf6 5. Nc3 e6 6. f4 Nc6 7. Be3 Be7 8. Qf3
O-O 9. O-O-O Nxd4 10. Rxd4 Qc7 11. g4 a6 12. g5 Nd7 13. Rg1 Re8 14. h4 Bf8 15.
h5 Rb8 16. g6 fxg6 17. hxg6 h6 18. f5 Nf6 19. Bc4 Kh8 20. Bb3 b5 21. fxe6 Bxe6
22. Bg5 Bxb3 23. axb3 b4 24. Bxf6 bxc3 25. Rc4 cxb2+ 26. Bxb2 Qb7 27. Kb1 Rbd8
28. Rh1 Kg8 29. Rh5 Re6 30. Qf5 Rde8 31. Rh4 Qa7 32. Ka2 R6e7 33. Rf4 Qd7 34.
Qh5 Qe6 35. Rf5 Rc8 36. Rxc8 Qxc8 37. Qf3 Re6 38. Rf7 Rxg6 39. Ra7 Qxc2 40.
Qf7+ Kh7 41. Qxf8 Qxe4 42. Rxg7+ Rxg7 43. Qxg7# 1-0

[Event "XVII Open A"]
[Site "Crema ITA"]
[Date "2016.09.03"]
[Round "2"]
[White "Murgia, Andrea"]
[Black "Malfagia, Andrea"]
[WhiteElo "1908"]
[BlackElo "2159"]
[Result "0-1"]
[PlyCount "46"]
[EventDate "2016.09.02"]

1. e4 e6 2. d4 d5 3. Nd2 Nf6 4. e5 Nfd7 5. Bd3 c5 6. c3 Nc6 7. Ne2 cxd4 8. cxd4
f6 9. Nf4 Nxd4 10. Qh5+ Ke7 11. Nxd5+ exd5 12. f4 Qe8 13. Qh4 Nc5 14. Bxh7 Qb5
15. Qf2 Nd3+ 16. Bxd3 Qxd3 17. b3 Nc2+ 18. Kd1 Bg4+ 19. Qf3 Bxf3+ 20. gxf3 Nd4
21. exf6+ Kxf6 22. Bb2 Qe2+ 23. Kc1 Rc8+ 0-1

[Event "XVII Open A"]
[Site "Crema ITA"]
[Date "2016.09.03"]
[Round "2"]
[White "Nicolodi, Raoul"]
[Black "Ranfagni, Stefano"]
[WhiteElo "2030"]
[BlackElo "1956"]
[Result "1-0"]
[PlyCount "93"]
[EventDate "2016.09.02"]

1. Nf3 e6 2. c4 b6 3. g3 Bb7 4. Bg2 Nf6 5. O-O Be7 6. d4 O-O 7. Nc3 d5 8. b3
Nbd7 9. Bb2 Rc8 10. Rc1 c5 11. cxd5 Nxd5 12. Qd2 N7f6 13. Rfd1 Nxc3 14. Qxc3
Nd5 15. Qe1 cxd4 16. Nxd4 Bb4 17. Qf1 Qe7 18. Nf5 exf5 19. Bxd5 Rxc1 20. Bxc1
Ba6 21. Bf3 Re8 22. Bd2 Bc5 23. Bc3 h6 24. Rd2 Qg5 25. Kh1 Re6 26. Rd7 Re7 27.
h4 Qg6 28. Rxe7 Bxe7 29. Qb1 Bc5 30. Kg2 Qe6 31. e3 g5 32. hxg5 hxg5 33. Qh1
Kf8 34. Qh8+ Ke7 35. Qa8 Qd7 36. Bc6 Qc8 37. Qxa7+ Kf8 38. Bd5 Be7 39. Bb4 Qd8
40. Bxe7+ Qxe7 41. Qxa6 Qd6 42. Qb7 Qf6 43. a4 g4 44. b4 Kg7 45. Qxf7+ Qxf7 46.
Bxf7 Kxf7 47. a5 1-0

[Event "XVII Open A"]
[Site "Crema ITA"]
[Date "2016.09.03"]
[Round "2"]
[White "Nordio, Giorgio"]
[Black "Bossi, Alessandro"]
[WhiteElo "1923"]
[BlackElo "2014"]
[Result "1/2-1/2"]
[PlyCount "75"]
[EventDate "2016.09.02"]

1. c4 e5 2. g3 Nc6 3. Bg2 g6 4. Nc3 Bg7 5. e4 Nge7 6. Nge2 d6 7. O-O h5 8. h4
Bg4 9. d3 Nd4 10. f3 Be6 11. Nxd4 exd4 12. Nd5 c6 13. Nxe7 Qxe7 14. Bd2 O-O 15.
Qc1 d5 16. cxd5 cxd5 17. Qe1 Qd7 18. Bf4 Rfc8 19. Qd2 Rc6 20. a3 Rac8 21. Rac1
b6 22. Rxc6 Qxc6 23. Rc1 Qxc1+ 24. Qxc1 Rxc1+ 25. Bxc1 dxe4 26. fxe4 Be5 27.
Kf2 f6 28. Bf1 Kf7 29. Be2 Bb3 30. Bd2 Ke7 31. Bf4 Kd6 32. Ke1 Kc5 33. Kd2 Kb5
34. Bxe5 fxe5 35. g4 Bf7 36. gxh5 gxh5 37. Bd1 a5 38. b3 1/2-1/2

[Event "XVII Open A"]
[Site "Crema ITA"]
[Date "2016.09.03"]
[Round "2"]
[White "Pirrello, Christian"]
[Black "Olivetti, Davide"]
[WhiteElo "1936"]
[BlackElo "2140"]
[Result "0-1"]
[PlyCount "98"]
[EventDate "2016.09.02"]

1. d4 Nf6 2. c4 g6 3. Nc3 Bg7 4. e4 d6 5. Nf3 O-O 6. Be2 e5 7. dxe5 dxe5 8.
Qxd8 Rxd8 9. Bg5 Re8 10. O-O c6 11. h3 Nbd7 12. Be3 Bf8 13. Nd2 Nc5 14. b4 Ne6
15. a3 Nd4 16. Bd1 a5 17. bxa5 Rxa5 18. Ne2 Rxa3 19. Rxa3 Bxa3 20. Nxd4 exd4
21. Bxd4 Nxe4 22. Re1 Nd6 23. Rxe8+ Nxe8 24. Ne4 Be7 25. Ba4 Be6 26. Bb3 b5 27.
Nd2 Bb4 28. Be3 Bxd2 29. Bxd2 Bxc4 30. Bxc4 bxc4 31. f3 Nc7 32. Kf2 f6 33. Ke3
Nb5 34. g4 Kf7 35. f4 Ke6 36. h4 f5 37. gxf5+ gxf5 38. Bb4 h5 39. Bf8 Kd5 40.
Be7 Nc7 41. Bf6 Ne6 42. Bb2 c5 43. Be5 Kc6 44. Kd2 Kb5 45. Bd6 Nd4 46. Be7 Nc6
47. Bf6 Nb4 48. Bg7 Nd5 49. Be5 Kb4 0-1

[Event "XVII Open A"]
[Site "Crema ITA"]
[Date "2016.09.03"]
[Round "2"]
[White "Rifai, Abdulkader"]
[Black "Botta, Massimiliano"]
[WhiteElo "2205"]
[BlackElo "2065"]
[Result "1-0"]
[PlyCount "65"]
[EventDate "2016.09.02"]

1. e4 c5 2. Nf3 d6 3. d4 cxd4 4. Nxd4 Nf6 5. Nc3 g6 6. f4 Nc6 7. Nxc6 bxc6 8.
e5 dxe5 9. Qxd8+ Kxd8 10. fxe5 Nd5 11. Nxd5 cxd5 12. Bg5 h6 13. Bh4 g5 14. Bf2
Bf5 15. O-O-O e6 16. Ba6 Bg7 17. Rhe1 Kc7 18. Re3 Rhb8 19. Be1 Kb6 20. Ra3 Bxe5
21. b4 Bxh2 22. Bf2+ Kc7 23. g3 Be4 24. Bc5 Rb6 25. b5 e5 26. Rd2 Bxg3 27.
Bxb6+ axb6 28. Rc3+ Kd6 29. Rxg3 d4 30. Rh2 Rg8 31. Rxh6+ Kc5 32. Rf6 Bd5 33.
Rf5 1-0

[Event "XVII Open A"]
[Site "Crema ITA"]
[Date "2016.09.03"]
[Round "2"]
[White "Rossini, Fulvio"]
[Black "Corti, Massimo"]
[WhiteElo "1989"]
[BlackElo "1931"]
[Result "1-0"]
[PlyCount "119"]
[EventDate "2016.09.02"]

1. e4 e6 2. d4 d5 3. e5 c5 4. c3 Nc6 5. Nf3 Bd7 6. a3 Qc7 7. b4 c4 8. Be2 h6 9.
Bf4 f5 10. h4 Nd8 11. h5 Ne7 12. Nh4 Rg8 13. a4 Nf7 14. Nd2 O-O-O 15. Nf1 Be8
16. g4 fxg4 17. Bxg4 Qd7 18. Ng3 Nh8 19. Bd2 Nc6 20. Ne2 Bf7 21. Nf4 Be7 22.
Nhg6 Bg5 23. Qf3 Kb8 24. Qh3 Rde8 25. Ke2 Nd8 26. Rhg1 Bxg6 27. Nxg6 Bxd2 28.
Kxd2 Nxg6 29. hxg6 Rgf8 30. Ke3 Qe7 31. f4 Nc6 32. Rab1 Nd8 33. a5 Qd7 34. Ra1
Qe7 35. Rg3 Rh8 36. Qh5 Rhf8 37. Rf3 Nc6 38. Rb1 Nd8 39. Kf2 Qd7 40. Ra1 Qe7
41. Kg3 Nc6 42. Rb1 Nd8 43. f5 exf5 44. Rxf5 Ne6 45. Rxf8 Rxf8 46. Bf3 Nf4 47.
Qg4 h5 48. Qh4 Qxh4+ 49. Kxh4 Nxg6+ 50. Kxh5 Nf4+ 51. Kg4 Kc7 52. Rh1 Kc6 53.
Rh7 Ne6 54. Rh5 Rf4+ 55. Kg3 Rf7 56. Bg4 Nf4 57. Rg5 Nd3 58. e6 Re7 59. Bf3 Nc1
60. Bxd5+ 1-0

[Event "XVII Open A"]
[Site "Crema ITA"]
[Date "2016.09.03"]
[Round "2"]
[White "Ventura, Franco"]
[Black "Castrogiovanni, Carlo"]
[WhiteElo "2075"]
[BlackElo "1947"]
[Result "1-0"]
[PlyCount "81"]
[EventDate "2016.09.02"]

1. d4 Nf6 2. c4 c5 3. d5 e6 4. Nc3 exd5 5. cxd5 Bd6 6. Nf3 O-O 7. g3 Re8 8. Bg2
Bc7 9. O-O d6 10. Nd2 a6 11. a4 Nbd7 12. Nc4 Rb8 13. Bf4 Nf8 14. a5 Ng6 15. Qd2
Nxf4 16. Qxf4 Qd7 17. e4 Qg4 18. Qxg4 Bxg4 19. f3 Bd7 20. Rfe1 Bc8 21. f4 Nd7
22. e5 dxe5 23. d6 Bd8 24. fxe5 b5 25. axb6 Nxb6 26. b3 Be6 27. Bc6 Rf8 28. Na5
Nd7 29. Nd5 Bxa5 30. Rxa5 Rxb3 31. Rxa6 Rd8 32. Ne7+ Kf8 33. Ra7 Rb2 34. Bxd7
Bxd7 35. Rc7 Rc2 36. Ra1 Be6 37. Nc6 Re8 38. d7 Bxd7 39. Rxd7 f6 40. Raa7 Re6
41. Rf7+ 1-0